[Event "Selfoss Milk Masters 2nd"]
[Site "Selfoss"]
[Date "2003.11.03"]
[Round "5"]
[White "Malakhov, Vladimir"]
[Black "Bologan, Viktor"]
[Result "1-0"]
[WhiteElo "2696"]
[BlackElo "2673"]
[Annotator "Stohl,I"]
[PlyCount "119"]
[EventDate "2003.10.29"]
[EventType "tourn"]
[EventRounds "9"]
[EventCountry "ISL"]
[EventCategory "15"]
[SourceTitle "CBM 098"]
[Source "ChessBase"]
[SourceDate "2004.02.03"]
[SourceVersion "1"]
[SourceVersionDate "2004.02.03"]
[SourceQuality "1"]

1. Nf3 Nf6 2. c4 g6 3. g3 Bg7 4. Bg2 O-O 5. O-O d6 6. d4 Nc6 7. Nc3 a6 8. h3
Bd7 9. e4 e5 10. d5 ({Despite Nikolic's success in round 1 against the same
opponent with} 10. dxe5 dxe5 11. Be3 {Malakhov decides to go his own way.})
10... Nd4 11. Nxd4 exd4 12. Qxd4 Qc8 13. Bg5 $5 $146 {[%mdl 32776] A novelty,
White decides to return the P immediately and rely on his [+] control. However,
Black will have sufficient play on the e<-> and comfortable equality.} (13. e5
Nh5 $11) (13. Bh6 $6 {Atalik} Bxh6 14. Qxf6 Bxh3 15. Qh4 Bxg2 16. Kxg2 Bg7 $36
{[%cal Gh8a1] /^a1-h8}) ({Earlier White used to play almost exclusively} 13. h4
Ng4 14. Qd2 (14. Qd1 Ne5 (14... b5 15. Ne2 $5 bxc4 16. Qc2 Ne5 17. Bd2 f5 18.
Nf4 fxe4 19. Qxe4 Bf5 20. Qe3 Nd3 21. Ne6 Re8 22. Bc3 Bxc3 23. bxc3 c6 24. Qd4
{Khismatullin,D-Loskutov,O/ Serpukhov 2003} Bxe6 25. dxe6 d5 26. Bh3 $13) 15.
Qb3 (15. Qe2 b5 {-14.Qd2}) 15... b5 16. cxb5 axb5 17. Nxb5 Qb8 18. Na3 Qxb3 19.
axb3 Nd3 20. Nc2 Rxa1 21. Nxa1 Bd4 22. Be3 Bxe3 23. fxe3 Ra8 24. Nc2 Ra2 25.
Rb1 Kf8 26. Bf1 {1/2-1/2 Neverov,V-Antoniewski,R/ Prerov 2001 (26)} Nc5 $44)
14... b5 15. Qe2 (15. cxb5 axb5 16. Ne2 Qb7 $5 (16... Ra4 17. a3 f5 18. exf5
Rxf5 19. Rb1 Qf8 20. f4 Qb8 21. Bf3 Qa7+ 22. Kg2 Rf7 23. b4 Rxa3 24. Bxa3 Ne3+
25. Kh2 Nxf1+ 26. Rxf1 Qxa3 $13 {Pigusov,E-Titov,G/ Katowice op 1991}) 17. Qc2
b4 18. Bf4 Rxa2 19. Rxa2 b3 20. Ra7 Qxa7 21. Qxb3 Rb8 22. Qa3 Qb6 23. b4 h5 $5
(23... Qxb4 $11 {1/2-1/2 Pigusov,E-Kengis,E/ Vienna 1991 (23)}) 24. Bf3 Qxb4
25. Qxb4 Rxb4 26. Rc1 Rb7 27. Kg2 Ne5 $11 {Kharitonov,A-Bologan,V/ Kstovo 1997}
) 15... Ne5 16. cxb5 axb5 17. Nxb5 Qa6 18. Nc3 Qxe2 19. Nxe2 Rfb8 (19... Nc4 $5
$44 {Atalik}) 20. Nf4 (20. Nc3 Nd3 21. a4 Nxb2 22. Bxb2 Rxb2 23. Ra3 Rc2 24.
Nd1 Rxa4 25. Rxa4 Bxa4 26. Ne3 Ra2 27. Rc1 Ra1 $11 {Atalik,S-Fedorov,A/ EU-ch
Ohrid 2001}) 20... Nc4 21. Nd3 (21. a3 $5 {Atalik} Nxb2 22. Rb1 Rxa3 23. Be3
$14) 21... Bb5 22. Rd1 Ba4 23. Rf1 Na3 24. Bf4 Bc2 25. Ne1 Bxb2 26. Nxc2 Nxc2
27. Rab1 Nd4 28. Rfe1 Rxa2 29. e5 Rd8 30. Bg5 Rc8 31. e6 Re8 32. Re3 fxe6 33.
dxe6 Kg7 $13 {Fridman,D-Bologan,V/ Santo Domingo 2002}) 13... Nh5 14. Qd2 Bxh3
15. Bh6 {An important part of White's plan, without the exchange of the Bg7
only Black could be better.} Bxh6 16. Qxh6 Qg4 $1 17. Rae1 Rae8 {Bologan
logically first mobilizes his major pieces.} (17... f5 $2 18. exf5 Bxg2 19. Re7
$1 $18) 18. Bxh3 (18. Qd2 Bxg2 19. Kxg2 f5 20. exf5 (20. Qd1 Nf4+ 21. Kg1 Nh3+
22. Kg2 Ng5 $1 $15) 20... Rxe1 21. Rxe1 Rxf5 $36) 18... Qxh3 19. Re2 (19. Re3
f5 20. exf5 Qxf5 $11) 19... Qg4 (19... Re5 20. Rfe1 Rfe8 $11) (19... f5 $5 20.
exf5 Qxf5 $11) 20. Rfe1 Re5 21. Re3 f5 {Black releases the tension immediately.
} ({Tempting, but less convincing was} 21... Rfe8 22. Kg2 f5 (22... Rg5 23. Rh1
$1 (23. Ne2 f5 24. f3 Qh4 $1 $40) 23... Qf4 (23... f5 $6 24. Kf1 {[%cal Rh1h4]
/\ R h4+-}) 24. Kf1 $36) 23. exf5 Qxf5 24. Rxe5 Rxe5 25. Re3 $1 $14 {[%cal
Re3f3] /\ R f3|^}) 22. exf5 Rfxf5 $5 (22... Qxf5 23. R1e2 Rfe8 $11 {/\} 24.
Rxe5 Rxe5 25. Re3 Nf6 {and with the K still on g1 White doesn't have R f3.})
23. Rxe5 dxe5 24. Ne4 Nf4 25. Qh4 (25. f3 $2 Ne2+ $1 26. Rxe2 Qxf3 27. Re1 Rh5
28. Nf6+ $8 Qxf6 29. Qe3 Rf5 $17) 25... Qxh4 26. gxh4 Nd3 27. Re3 $1 (27. Re2
Rf4 $15) 27... Nxb2 28. c5 $44 Nc4 29. Rb3 Na5 30. Ra3 Rf4 31. f3 Nc4 32. Rb3
Na5 (32... b5 33. a4 $1 bxa4 34. Rc3 $36 {[%csl Gd5] o^d5}) (32... b6 33. d6 $1
$36) 33. Ra3 Nc4 34. Rc3 $5 {White decides to avoid repetition and play for a
win-he risks little, as his forces are sufficiently active.} (34. Rb3 $11)
34... b5 35. a4 Rf8 (35... Rxh4 36. axb5 axb5 37. Rb3 Rf4 38. Kf2 $44) 36. axb5
axb5 37. Rb3 Rb8 38. Nf6+ Kf7 39. Nd7 Rd8 40. c6 Ke7 ({Another interesting way
to give back the P was} 40... Nd6 41. Nxe5+ Kf6 42. Nd7+ Kf5 43. Ra3 $1 $13)
41. Rxb5 Ra8 (41... Nb6 $2 42. Nxb6 cxb6 43. c7 $1 Rc8 44. Rxb6 $18 {/\} Rxc7
45. d6+) 42. Kf2 (42. Rb7 Kd6 43. Nf6 Rf8 44. Ne4+ Kxd5 45. Rxc7 (45. Rb5+ Kd4
46. Rb4 Kd3 $15) 45... Rxf3 $15) 42... Ra2+ (42... Kd6 43. Nf6 Ra2+ 44. Kg3 $14
) 43. Kg3 h5 $1 44. Rb1 (44. Rb4 Rc2 $36) 44... Rc2 (44... Kd6 $142 $1 {
and it's White, who must be careful:} 45. Rd1 (45. Nf6 Ne3 46. Ne4+ (46. Rb8 $4
Nf1+ 47. Kh3 Rh2#) 46... Ke7 47. Rc1 {[%cal Rd5d6] /\d6} (47. d6+ cxd6 48. Rb7+
Ke6 $17) (47. Re1 Nxd5 48. Nc5 Kd6 49. Nd3 Nc3 $1 50. Rxe5 Ne2+ $19) 47... Nf5+
(47... Nxd5 48. Rc5 $14) 48. Kh3 Ra3 $15) 45... Ne3 (45... Rd2 46. Rxd2 Nxd2
47. Nf6 Nc4 48. f4 Ne3 49. Ne8+ Kxd5 50. fxe5 Kxc6 51. Kf4 Nf5 52. Kg5 Kd7 53.
Nxc7 Kxc7 54. Kxg6 Ng3 55. Kg5 Kd7 56. Kf4 $11) 46. Re1 Ra3 (46... Nf5+ 47. Kh3
Ra4 48. Nxe5 Rxh4+ 49. Kg2 $132) 47. Kf2 Nf5 48. Nxe5 Ra2+ 49. Kf1 Nxh4 50.
Nxg6 $1 $11) 45. Re1 Kd6 46. Nf6 Rb2 47. Rc1 Rb4 48. Kh3 $6 (48. Rd1 $1 {
[%cal Rf6e8] /\Ne8 was more dangerous, e.g.,} Ne3 (48... Ke7 $2 49. d6+ $1 $18)
49. Ne8+ Kc5 50. d6 $1 $16) 48... Ke7 49. Nd7 (49. Ne4 Nb6 50. Rd1 Rd4 51. d6+
$5 cxd6 52. Rb1 d5 53. Rxb6 dxe4 $11) 49... Ne3 {It seems as if both sides are
playing for a win.} (49... Kd6 $142 50. Nf6 $11) 50. Nxe5 Nxd5 51. Nxg6+ Kf6
52. Rc5 Rd4 (52... Kxg6 53. Rxd5 Rc4 54. Rg5+ Kh6 $11) 53. Nf8 Ke5 54. Kg3 Kd6
55. Nd7 $1 (55. Rc1 Ne7 $11) 55... Rb4 56. Rc1 Rb5 (56... Ne3 57. Nf6 Nf5+ 58.
Kg2 Nxh4+ 59. Kh3 Nxf3 60. Ne8+ Ke5 61. Nxc7 Ng5+ $11) 57. Nf8 Rb8 $6 (57...
Ne7 $142 $1 $11 {[%cal Re7c6,Re7f5] /\Nc6,Nf5} 58. Kf2) 58. Nh7 $1 Rb6 59. Ng5
$36 Rxc6 $4 {[%mdl 8192]} (59... Ke5 $142) 60. Nf7+ (60. Nf7+ Ke7 (60... Kd7
61. Ne5+ $18) 61. Rxc6 Kxf7 62. f4 Ke7 63. Kf3 Kd7 64. Rh6 $18) 1-0

[Event "FIDE-Wch k.o."]
[Site "Las Vegas"]
[Date "1999.08.06"]
[Round "3.1"]
[White "Timman, Jan H"]
[Black "Fedorov, Alexei"]
[Result "0-1"]
[WhiteElo "2650"]
[BlackElo "2659"]
[Annotator "Stohl,I"]
[PlyCount "108"]
[EventDate "1999.07.31"]
[EventType "k.o."]
[EventRounds "7"]
[EventCountry "USA"]
[SourceTitle "CBM 072"]
[Source "ChessBase"]
[SourceDate "1999.10.01"]
[SourceVersion "1"]
[SourceVersionDate "1999.10.01"]
[SourceQuality "1"]

1. d4 Nf6 2. c4 g6 3. Nf3 Bg7 4. g3 O-O 5. Bg2 d6 6. O-O Nc6 7. Nc3 a6 8. b3 ({
A less explored alternative, where Black's best reaction is still unclear, is} 
8. e3 $5 Rb8 (8... e5 9. d5 Ne7 10. e4 b5 $5 11. Re1 bxc4 12. Nd2 c6 13. Nxc4
cxd5 14. exd5 Nf5 15. b3 Bd7 16. a4 Nd4 17. Ba3 Bg4 18. f3 Bf5 19. Ra2 Rb8 20.
Nxd6 {Azmaiparashvili,Z-David,A/Antwerp/1998/} Qb6 21. a5 $1 Qa7 22. Nxf5 Ne2+
23. Kh1 Nxc3 24. Qd2 Nxa2 25. Nxg7 $40) 9. Qe2 Nd7 (9... b5 10. Rd1 e6 (10...
b4 11. Nd5 Nd7 12. a3 bxa3 (12... e6 13. Nxb4 Nxb4 14. axb4 Rxb4 15. Ra2 Qe7
16. Bd2 Rb8 17. Ba5 Nb6 18. b3 e5 19. dxe5 dxe5 20. Qc2 Bb7 21. c5 Na8 22. Qc4
Rfd8 23. Rad2 Rxd2 24. Rxd2 c6 25. Bh3 $1 $18 {Vaulin,A-Zimmerman,Y/Harkany op/
1998/}) 13. Rxa3 e6 14. Nc3 Nb4 15. e4 e5 16. dxe5 dxe5 17. Nd5 c5 18. Bh3 Nc6
19. Bxd7 Qxd7 20. Nf6+ Bxf6 21. Rxd7 Bxd7 22. Rxa6 Bg7 23. Kg2 Rfe8 24. Qd1 Nd4
25. Nxd4 exd4 26. f3 Rb7 27. b3 f5 28. exf5 Bxf5 29. g4 Bc8 30. Ra8 $16 {
Vaulin,A-Motylev,A/Bydgoszcz op/1999/}) 11. Nd2 Ne7 12. a3 Qe8 13. Rb1 Bb7 14.
Bxb7 Rxb7 15. b4 c6 16. e4 d5 17. e5 Nd7 18. c5 Nf5 19. Nf3 {()1/2,Malaniuk,
V-Fedorov,A/Samara/1998/}) 10. Rd1 b5 11. Ne1 Na7 12. c5 b4 13. Na4 Qe8 14.
cxd6 cxd6 15. a3 e5 16. dxe5 Nxe5 17. axb4 Bg4 18. f3 Be6 19. Nc3 Bc4 20. Qd2
Nb5 21. Nc2 Rc8 22. Nxb5 axb5 23. Ra3 Be6 24. Qf2 Nc4 25. Rad3 Bxb2 26. Nd4
Bxc1 27. Rxc1 Ne5 28. Rxc8 Qxc8 29. Rd1 $14 {Fridman,D-Adianto,U/Las Vegas Wch/
1999/}) 8... Rb8 9. Nd5 e6 $5 {Black usually tries to avoid the immediate
exchange by a N-move, but perhaps the text is the simplest solution.} (9... Ne4
10. Bb2 f5 11. e3 (11. Rc1 e6 12. Nc3 d5 $6 {Too committal, Black's position
is not ready for a Stonewall transformation.} 13. e3 g5 14. Ne2 Ne7 15. Ne5 Ng6
16. Qc2 c6 17. f3 Nd6 18. Rcd1 Bd7 19. c5 Nf7 20. Nxg6 hxg6 21. e4 g4 22. exd5
gxf3 23. dxe6 fxg2 24. exf7+ Rxf7 25. Rf2 Be6 26. d5 $1 Bxd5 27. Bxg7 Rxg7 28.
Nf4 $16 {Csom,I-McShane,L/Lippstadt/1999/}) 11... e6 12. Nc3 Nxc3 13. Bxc3 Qe7
14. b4 Nd8 15. b5 Nf7 16. Qb3 b6 17. Nd2 Kh8 18. f4 Bb7 19. a4 Bxg2 20. Kxg2
Ra8 21. Rae1 Qd7 22. Nf3 axb5 23. axb5 Ra7 24. Ra1 Rfa8 25. Rxa7 Rxa7 26. Rf2
Qe8 27. c5 $1 $14 {Karpov,A-Sokolov,I/Dortmund/1999/}) (9... Nh5 $5 {has a
better reputation.}) 10. Nxf6+ Qxf6 {This recapture is more logical, as the
threat to d4 forces White to react.} (10... Bxf6 11. Bb2 $5 (11. Bh6 Re8 12. e3
(12. Rc1 e5 (12... Bd7 13. Qd2 Qe7 14. e4 e5 15. d5 Nd4 16. Nxd4 exd4 17. f4 c5
18. Rce1 Bg7 19. Bxg7 Kxg7 20. e5 Qf8 21. h3 b6 22. g4 Kh8 23. Qf2 Qg7 24. Qg3
$36 {Schwartzman,G-Bereolos,P/Chicago/1994/}) 13. d5 Nd4 14. Nxd4 exd4 15. Qd2
Bd7 16. e3 dxe3 17. Bxe3 Bf5 18. Rfe1 Qd7 19. Bd4 Bxd4 20. Qxd4 Rxe1+ 21. Rxe1
Re8 22. Rxe8+ Qxe8 23. Kf1 a5 24. a3 b6 25. f4 Bc2 26. Qc3 Be4 27. Bf3 Bf5 $11
{1/2,Tondivar,B-Lane,G/BEL-chT/1997/}) 12... e5 13. d5 e4 14. dxc6 exf3 15.
Bxf3 Bxa1 16. Qxa1 f6 17. Qd4 b5 18. g4 Qe7 19. g5 Qf7 20. gxf6 bxc4 21. bxc4
Be6 $13 {Romanishin,O-Gunawan,R/Sarajevo/1988/}) 11... b5 (11... Bg7 $142 $14)
12. Rc1 Bb7 13. Qd2 Ne7 14. Rfd1 Qd7 15. h4 Bg7 16. d5 e5 17. e4 f5 18. Ng5 Bh6
19. c5 Bc8 20. f4 fxe4 21. fxe5 Nf5 22. e6 Qe7 23. g4 e3 24. Qd3 Nxh4 25. Qd4
$18 {Abramovic,B-Dragovic,M/JUG-chT Budva/1996/}) 11. Bg5 $146 {This novelty
is not too impressive, as Black's Q will not be misplaced on the >>, while
White must lose tempi with his B and on e3 it will be misplaced anyway.} ({
The already tested} 11. Bb2 {seems more logical.} Qe7 $5 (11... e5 12. d5 Nd8
13. c5 $1 Qe7 14. cxd6 cxd6 15. Rc1 f5 16. Qc2 Nf7 17. Qc7 Qxc7 (17... Bd7 $142
$5 $14) 18. Rxc7 Rd8 (18... e4 19. Bxg7 Kxg7 (19... exf3 $2 20. Bxf8 fxg2 21.
Rfc1 $18) 20. Ng5 Kg8 21. h4 $5 $16) 19. e4 fxe4 20. Nd2 Ng5 21. Nxe4 Nxe4 22.
Bxe4 Bh3 23. Rfc1 Bh6 24. R1c3 Rdc8 25. Ba3 Bf8 26. f3 Bd7 27. Bb4 Rxc7 28.
Rxc7 Be8 29. Bd2 b6 30. Be3 $16 {[%csl Ra6,Rb6,Gc7] _|_,׫,<->c,Adorjan,
A-Bouaziz,S/Szirak izt/1987/}) 12. e4 (12. Rc1 e5 13. d5 Nd8 14. Qc2 Bh6 $5 15.
e3 Bf5 $13) 12... e5 13. d5 Nd8 14. Ne1 f5 15. Nd3 fxe4 16. Bxe4 Nf7 17. Bg2
Bf5 18. Re1 Qd7 19. f4 exf4 20. Bxg7 Kxg7 21. Nxf4 Ne5 22. Qd4 Kh8 23. c5 Qg7
$132 {Gurieli,N-Wang Pin/Jakarta izt/1993/}) 11... Qf5 {[%cal Rc6d4] /\Nd4} 12.
Be3 (12. Qd2 $5 {/\Bh6} Nxd4 ({Also playable is} 12... e5 13. d5 Nd4 14. Nxd4
exd4 15. Bh6 Bxh6 16. Qxh6 Re8 $132) 13. Nxd4 Bxd4 14. Qxd4 Qxg5 15. Qa7 Bd7
16. Bxb7 a5 17. Bg2 Rfc8 $11) 12... e5 13. Qd2 (13. d5 Ne7 $13) 13... Qh5 $1
$132 14. d5 Ne7 15. Ng5 h6 (15... Nf5 $2 16. Bf3 Qh6 17. Nxf7 $16) 16. Ne4 b6
$5 ({Black already avoids a possible repetition after} 16... f5 17. Bf3 (17.
Nc3 $2 f4 $40) 17... Qh3 18. Bg2 $11) 17. h4 (17. Bf3 Bg4 $5 (17... Qh3 18. Bg2
$11) 18. Bxg4 Qxg4 19. f3 Qh5 20. Bf2 (20. g4 Qh3 $1 $15 (20... Qh4 $4 21. Bf2
Qh3 22. Bg3 $18)) 20... f5 21. Nc3 Qh3 $132 {[%cal Yf5f4,Yg6g4,Yh6h4] /\f4,
g5-g4,h5-h4}) 17... Kh7 (17... f5 $4 18. Bf3 $18) 18. Rad1 Ng8 19. b4 (19. Nc3
Nf6 20. f3 Nd7 {[%cal Rf7f5] /\f5|^}) 19... Bf5 20. f3 $2 {[%mdl 16384] A
serious positional mistake, after which White's ^^ will be just a decoration,
but the weak o/o on the e-file will limit his possibilities of transferring
pieces from one flank to another and will require defensive attention.} (20.
Nc3 Qg4 (20... Bd7 $5 $11) 21. Rc1 $8 Rbc8 (21... Qxc4 22. Ne4 Qb5 23. Rxc7
Bxe4 24. Bxe4 Nf6 25. Bg2 Ng4 26. a3 $14) 22. Nd1 Qh5 23. f3 Bd7 $13) (20. Bf3
$142 Bg4 21. Bxg4 Qxg4 22. f3 Qd7 $11) 20... Bxe4 21. fxe4 Qg4 22. Kh2 Nf6 23.
Qd3 a5 $1 $15 {[%csl Re2,Re3,Re4,Rg2] Black wants to play on both sides of the
board.} 24. bxa5 (24. a3 axb4 25. axb4 Ra8 $36) 24... bxa5 25. c5 Rb2 26. Bf3
Qc8 27. Qc3 (27. cxd6 cxd6 28. Qa3 Qb8 29. Bd2 (29. Qxa5 Nxe4 $1 $36 30. Bxe4
Rxe2+ $17) 29... Rc8 {[%cal Rc8c2] /\Rcc2|^}) 27... Qb7 (27... Rxa2 $2 28. Qb3
$18) 28. c6 {The possible weakness of c7 will be rather illusory.} (28. Qxa5
Ra8 $17 {enables Black's R to penetrate.}) (28. Rd2 $5 Rb4 29. Qd3 $15 {
keeps more chances for <=>.}) 28... Qb5 29. Rd2 Rb4 30. Qd3 Qa4 31. Rb1 Rfb8
32. Rxb4 Rxb4 33. Qc2 Qb5 $1 {Black must prepare a more suitable opportunity
to gain material.} (33... Qxc2 34. Rxc2 Nxe4 $2 35. Bxe4 Rxe4 36. Bb6 $1 $18) (
33... Nxe4 34. Qxa4 Rxa4 35. Bxe4 Rxe4 36. Bb6 $1 cxb6 37. Rc2 $18) 34. Qd3 Qb8
35. Kg2 (35. g4 Qc8 36. Kg3 h5 $5 $40) 35... h5 $1 36. Rc2 Bh6 $17 {Activates
his last passive piece.} 37. Bf2 Rb1 38. Rc3 a4 39. Ba7 Qb2 40. Rc2 Qb4 41. Qc3
(41. Rc4 $6 Qe1 $40) 41... Qb5 42. Bf2 Qb8 43. Qa3 g5 $5 $40 44. hxg5 (44. Qxa4
$2 g4 $17 (44... gxh4 $5 45. gxh4 Qg8+ $40)) 44... Bxg5 45. Be3 $2 {Now Black
achieves the exchange White has avoided earlier on.} (45. Qxa4 $5 Qg8 46. Rc3
h4 $36 {is quite dangerous for White, but it was the last chance to resist.})
45... Qg8 46. Rc1 (46. Kh3 Bxe3 47. Qxe3 Rb4 $17 {/-+ is also hopeless in the
long run.}) 46... Bxe3 47. Qxe3 h4 $1 $19 {[%mdl 64] A simple, but decisive
tactical breakthrough.} 48. Rxb1 Qxg3+ 49. Kf1 Ng4 50. Qg1 (50. Bxg4 Qxe3 51.
Bf5+ Kh6 $19 {[%csl Gh4] o^h}) 50... Nh2+ 51. Qxh2 Qxh2 52. Rb7 Qh3+ 53. Bg2 (
53. Kf2 Qg3+ 54. Kf1 h3 55. Rxc7 h2 56. Bg2 Qe3 $19) 53... Qe3 54. Rxc7 Kg7 (
54... h3 55. Rxf7+ Kg6 $19 {was also suficient, but White anyway has no
defence against the advance of the Ph4.}) 0-1

[Event "Samba Cup 1st"]
[Site "Skanderborg"]
[Date "2003.10.16"]
[Round "6"]
[White "Nielsen, Peter Heine"]
[Black "Bologan, Viktor"]
[Result "1-0"]
[WhiteElo "2626"]
[BlackElo "2673"]
[Annotator "Stohl,I"]
[PlyCount "79"]
[EventDate "2003.10.10"]
[EventType "tourn"]
[EventRounds "9"]
[EventCountry "DEN"]
[EventCategory "16"]
[SourceTitle "CBM 098"]
[Source "ChessBase"]
[SourceDate "2004.02.03"]
[SourceVersion "1"]
[SourceVersionDate "2004.02.03"]
[SourceQuality "1"]

1. d4 Nf6 2. c4 g6 3. g3 Bg7 4. Bg2 O-O 5. Nc3 d6 6. Nf3 Nc6 7. O-O a6 8. d5
Na5 9. Nd2 c5 10. Qc2 Rb8 11. b3 b5 12. Rb1 Bf5 (12... h5 13. Bb2 Bf5 (13... h4
$142 $5) 14. e4 Bd7 15. Nd1 {-12...Bf5}) ({Practice has shown the text is
time-consuming, as e4 is quite a useful move for White. Thus it's more logical
to play immediately} 12... e5) 13. e4 Bd7 14. Bb2 {With his next move Black
will close the /^a1-h8 anyway, but the text is nevertheless useful for
White-he needs to connect his R, later after Rbe1 his B can return to the /
^c1-h6.} (14. h3 e5 15. Bb2 Bh6 $6 16. f4 $1 Nh5 17. Ne2 f6 18. Bc3 Nb7 19. Kh2
b4 20. Bb2 exf4 21. Nxf4 Ng7 22. Rf2 g5 23. Nd3 Qe7 24. g4 $16 {Wu Shaobin-Ye
Jiangchuan/Shenyang/1999/}) 14... e5 (14... h5 15. Nd1 (15. Ne2 $5 {[%cal
Yf2f4] /\f4 could transpose to our game.}) 15... e5 16. Bc3 (16. dxe6 $6 Bxe6
17. f4 Nc6 {[%csl Rd4] ><d4} 18. a3 Nd4 19. Qd3 bxc4 20. bxc4 h4 21. Nc3 h3 22.
Bf3 Ng4 23. Ba1 Qa5 $36 {Burmakin,V-Morozevich,A/Omsk Perm/1998/}) 16... h4 17.
Ne3 Bh6 18. Qd3 b4 19. Bb2 Nh5 20. Qe2 f6 21. Nf3 h3 22. Bh1 Qe8 23. Rbe1 Nb7
24. Nh4 Bg5 25. Nf3 Qf7 (25... Bh6 $142 $11) 26. Nxg5 fxg5 27. Ng4 Qe7 28. Bf3
$36 {Mchedlishvili,M-Zulfugarli,M/Tbilisi/2001/}) (14... bxc4 15. bxc4 Qc7 (
15... Bh6 16. f4 $1 e5 17. Ne2 exf4 18. gxf4 Nh5 19. h3 Rb4 20. a3 Rb8 21. Bc3
Rxb1 22. Qxb1 Qc7 23. Qd3 Nb7 24. Qe3 f6 25. Ng3 Ng7 26. Qe2 Qd8 27. e5 $40 {
Nielsen,P-Pedersen,S/DEN-ch Nyborg/2001/}) 16. Nd1 e5 17. Ne3 Bh6 18. Bc3 Rxb1
19. Rxb1 Bxe3 20. fxe3 Ng4 21. Re1 Nb7 22. h3 Nf6 23. Rb1 Nh5 24. Kh2 Bc8 25.
Nf3 Qe7 26. Rb6 a5 27. Qd1 $16 {Aronian,L-Blehm,P/WChJ Yerevan/1999/}) 15. Ne2
{Seemingly White's N belongs to d1 and e3, but the text also has it's
virtues-Black finds it more difficult to prevent the important f4 advance.} (
15. Nd1 Nh5 (15... Ng4 $5 16. f3 Nh6 17. f4 f5 $132) 16. Bf3 Bh3 17. Re1 Nf6
18. Ne3 Bh6 19. Bc3 Qc7 20. Bg2 Bxg2 21. Kxg2 Nh5 22. Qd1 Ng7 23. Ng4 Bg5 24.
f4 exf4 25. gxf4 Bh4 26. Nf3 $1 Bd8 27. cxb5 axb5 28. Ng5 b4 29. Bb2 c4 $2 30.
Bxg7 {1-0,Govbinder,M-Kondratiev,P/Minsk/1962/}) (15. Rbe1 Nh5 16. Nd1 Bh6 17.
Bc1 f5 18. f3 $6 f4 $1 {()} 19. g4 Nf6 20. Nf2 Bg5 21. Nd3 h5 22. h3 Bh4 23.
Re2 Rf7 24. Bb2 Qe7 25. Rc1 Nb7 $15 {Zakarias,D-Bors,D/HUN-chT 0304/2003/})
15... h5 (15... Ng4 16. h3 Nh6 17. f4 $14) (15... Nh5 16. f4 (16. Bc3 f5 $132)
16... bxc4 17. bxc4 exf4 18. Nxf4 $5 $14 {פa5}) 16. Bc3 h4 17. Qd3 Nb7 {
This is somewhat more flexible than} (17... b4 18. Bb2 Nb7 19. f4 hxg3 20. hxg3
Ng4 21. Bf3 (21. Nf3 Qe7 22. Rbe1 Rbe8 $13) (21. f5 Qg5 $36) 21... exf4 22.
Bxg4 (22. gxf4 $5 Qh4 23. Bxg4 {[%csl Ge4,Gf4] [+]}) 22... Bxg4 23. Rxf4 Qg5
24. Rf2 Bxb2 25. Rxb2 Rbe8 $132 {Akopian,V-Prusikhin,M/Bad Wiessee/2001/}) 18.
f4 h3 $6 {This is strategically wrong. Closing the >> diminishes Black's
chances for active <=> on this part of the board.} (18... hxg3 $142 19. hxg3
Ng4 $13 {/+/= as in the above note was indicated.}) 19. Bf3 Ng4 20. f5 $1 {
[%csl Gf5] ()>>} Nh6 $6 {A mistake in the same sense as move 18, because it
allows White to further squeeze Black on the >>.} (20... gxf5 21. exf5 Qg5 22.
Bxg4 Qxg4 23. Qe4 $1 $14) (20... Qg5 21. Bxg4 Qxg4 22. Rf2 (22. f6 Bh6 $13 {/\}
23. Nf3 $2 Bf5 $1 $17) 22... b4 23. Bb2 Bh6 24. Bc1 {[%cal Rd2f1] /\Nf1+/=}
Bxd2 25. Bxd2 gxf5 26. exf5 e4 27. Qe3 Bxf5 28. Rf4 $36) 21. g4 $36 Qh4 $8 22.
Kh1 Nd8 $2 {[%mdl 16384] Once again Black underestimates White's >> ambitions.}
(22... Nxg4 $142 23. Bxg4 Qxg4 24. Rg1 Qh4 25. Rg3 $36 {was dangerous for
Black, but after the strategically suspect text White keeps his >> intact and
Black gets no <=> whatsoever.}) 23. Rg1 {[%cal Rg4g5] /\g5} f6 (23... Bf6 24.
Rg3 {/\Ng1+/-}) 24. Rg3 Ndf7 25. Rf1 Ng5 26. Ng1 gxf5 $6 {This only eases
White's task.} (26... Nhf7 27. Be2 $16) 27. gxf5 {[%cal Gg1g8] <->g} (27. exf5
{was also not bad, but the text is simpler.}) 27... Be8 28. Be2 Bh5 29. Bxh5
Qxh5 30. Ndf3 $18 {[%csl Rh3] After the ><h3 falls White will triple on the
open g-file and his -> will break through.} Nhf7 31. Nxg5 Nxg5 32. Nxh3 bxc4
33. bxc4 Nh7 (33... Nxh3 34. Rxh3 Qe8 35. Rg1 $18) 34. Rfg1 Rf7 35. Rg4 {
[%csl Rh5] ףh5} Re7 36. Qg3 Rbb7 37. Bd2 Kf8 $2 {This loses on the spot, but
after other moves Black can only wait passively.} (37... Red7 38. Nf2 Nf8 (
38... Kf8 39. Rh4 Qe2 40. Rxh7 Qxd2 41. Qh4 $1 {[%cal Rh7g7] /\Rhg7+-}) 39. Rh4
Qe2 40. Bh6 {[%cal Rh4g4] /\Rg4+-}) 38. Rh4 Qe2 39. Rxh7 Kg8 (39... Qxd2 40.
Rh8+ Bxh8 41. Qg8#) 40. Qh4 {[%cal Rh7h8] /\Rh8} (40. Qh4 Qf3+ 41. Rg2 Rb1+ 42.
Ng1 $18) 1-0